Регионална библиотека "Любен Каравелов" - Русе

Договор за мир с България (Запис номер 407231)

MARC детайли
000 -Лидер
Контролно поле с фиксирана дължина nam a22 a 4500
003 - Код на организацията, давaща контролен номер
Контролно поле BLK
005 - Дата и час на последна редакция
Контролно поле 20210409130453.0
008 - Елементи от данни с фиксирана дължина
fixed length control field 210408b bu |||||r|||| 00| | bu d
040 ## - Източник на каталожния запис
Идентификатор на билиотеката - собственик на записа BLK
041 ## - Код за език
Код за езика на текст/звукозапис или на отделно заглавие Български
Код за езика КДБФ Български
080 ## - УДК
Текстов определител УДК Международни политически отношения. Световна политика. Международна политика. Дипломация
УДК код - определител по УДК 327
УДК - код + определител 327
139 ## - Редно поле
Редна дума Договор за мир с България
245 ## - Сведения за заглавието
Заглавие Договор за мир с България
260 ## - Област на издателските данни
Място на издаване, разпространение и проч. София
Име на издателя, разпространителя и проч. МВР
Година на издаване 1947
9 (RLIN) 210967
300 ## - Физическа характеристика
Страници 27 с.
Размери/Мащаб 32 см
380 ## - Жанр
Жанр Обществени науки
500 ## - Общи забележки
Забележка Текст и на рус., англ. и фр. ез.
650 #7 - Допълнително описание по предмет – тема
9 (RLIN) 161768
Основно описание – тема или топоним Международни договори и съглашения - България с другите страни
650 #0 - Допълнително описание по предмет – тема
9 (RLIN) 340406
Основно описание – тема или топоним Втора световна война - мирни договори
653 #7 - Ключова дума – ненормативна
9 (RLIN) 191116
Ключова дума мирни договори
653 #7 - Ключова дума – ненормативна
9 (RLIN) 191110
Ключова дума мир
852 ## - Местоположение
Форматна сигнатура Цб 3.325.22661
Фондова буква Основен фонд - ползва се само за читалня
999 ## - СИСТЕМНИ КОНТРОЛНИ НОМЕРА
Koha biblionumber 407231
Koha biblioitemnumber 407231
942 ## - АРТИКУЛИ
Вид на библиотечния материал Книги
Скрит в OPAC Не
Периодичен библиозапис Да
944 ## - СЪЗДАВАНЕ И РЕДАКЦИЯ на ЗАПИСА
Създаване/Редакция Създаване
Дата на регистрацията/редакция 2021-04-09
Служител, извършил регистрацията/редакцията Кети
Наличности
Код за отписване Код за изгубен артикул Източник на класификационната схема Код за повреда Коз за рестрикции Код за отдаване Артикулен № Име на библиотеката - собственик Име на библиотеката, в която се намира в момента Статус (Текущо местоположение) Дата на вписване в системата Местоположение - отдел Цена в лева Инвентарен номер Систематично азбучна сигнатура Баркод Цена в евро Служебен тип на артикула
  Не е изгубен Universal Decimal Classification Не е повреден само за читалня ползва се в читалня 822364 Регионална библиотека "Любен Каравелов" Русе Регионална библиотека "Любен Каравелов" Русе Хранилище 2021-04-12 Основен фонд - ползва се само за читалня 0.05 22661 Цб 3.325.22661 900000051889 0.03 Книги
Vip Innovations Ltd, Rousse, Bulgaria 2025